ICカード名を含む駅名 - Statistics

General Stats
  • This quiz has been taken 75 times
  • The average score is 6 of 16
Answer Stats
頭文字 道府県 駅名 読み ICカード % Correct
「き」 岩手県 北上 "きたか" み Kitaca
74%
「き」 福島県 喜多方 "きたか" た Kitaca
72%
「き」 千葉県 北柏 "きたか" しわ Kitaca
61%
「き」 神奈川県 北鎌倉 "きたか" まくら Kitaca
57%
「き」 埼玉県 北春日部 "きたか" すかべ Kitaca
49%
「と」 北海道 問寒別 "といか" んべつ TOICA
48%
「き」 大阪府 北加賀屋 "きたか" がや Kitaca
36%
「き」 栃木県 北鹿沼 "きたか" ぬま Kitaca
29%
「き」 秋田県 北金岡 "きたか" なおか Kitaca
28%
「き」 青森県 北金ケ沢 "きたか" ねがさわ Kitaca
28%
「は」 北海道 浜中 は "まなか" manaca
28%
「め」 愛知県 名電山中 めいでんや "まなか" manaca
26%
「や」 大阪府 山中渓 や "まなか" だに manaca
25%
「ひ」 宮崎県 日向北方 ひゅうが "きたか" た Kitaca
22%
「え」 新潟県 えちご押上ひすい海岸 えちごおしあげひ "すいか" いがん Suica
17%
「う」 新潟県 魚沼中条 うおぬ "まなか" じょう manaca
16%
No matching quizzes found
Score Distribution
Percent of People with Each Score
Percentile by Number Answered
Your Score History
You have not taken this quiz